000 00530nam a22001457a 4500
008 150327b xxu||||| |||| 00| 0 eng d
020 _a8791067014
082 _a303.482
_bS 838g
100 _aOstergaard, Marianne (Editor)
_92357
245 _aImages of the world
_cGlobalisation and cultural diversity
260 _aCopenhagen, Dinamarca
_bNorhaven A/S
_c2001
300 _a208 p.
_bill. (col)
_c24 cm.
650 _xGlobalizacion
_xGlobalizacion-aspectos sociales
_xDifusión cultural
_92359
700 _aMarianne Ostergaard (Editor)
_92358
999 _c504
_d504